| 000 | 00417 a2200157 4500 | ||
|---|---|---|---|
| 999 |
_c320916 _d320916 |
||
| 001 | 85843 | ||
| 003 | NUST | ||
| 005 | 20180121111731.0 | ||
| 008 | 180121b xxu||||| |||| 00| 0 eng d | ||
| 020 | _a9780070605794 | ||
| 082 | _a379.73 SPR | ||
| 100 |
_aJoel Spring _99327 |
||
| 245 |
_aConflict of Interests : The Politics of American Education _hEnglish |
||
| 250 | _a3rd | ||
| 260 |
_aNew york _bMcGraw Hill _c1998 |
||
| 300 | _axi 207 p. | ||
| 500 | _aGifted By AM Masood Akhtar | ||
| 942 |
_acaenust _cBK _k379.73 SPR _2ddc |
||